00446nam a2200181Ia 450000500170000000800410001702000100005804000190006804100120008708200160009910000190011524500440013426000360017830000090021450400190022365000120024285000100025420240925102814.0131103s9999 xx 000 0 und d cRs.55 aLoreto College aEnglish a891.44bHAL aHalder, Ghopal aBangla sahityer ruprekhacGhopal Halder aKolkatabAruna prakashanic2003 aV.2  aIncludes index aBengali aLCBED